When God becomes my enemy : (Record no. 3745)

MARC details
000 -LEADER
fixed length control field 00982cam a2200265 a 4500
001 - CONTROL NUMBER
control field 4963806
003 - CONTROL NUMBER IDENTIFIER
control field GBCCL
005 - DATE AND TIME OF LATEST TRANSACTION
control field 20241126110502.0
008 - FIXED-LENGTH DATA ELEMENTS--GENERAL INFORMATION
fixed length control field 970904s1997 mou b 001 0 eng
010 ## -
-- 97034972
020 ## - INTERNATIONAL STANDARD BOOK NUMBER
International Standard Book Number 0570042631
040 ## - CATALOGING SOURCE
Original cataloging agency DLC
Transcribing agency DLC
Modifying agency DLC
050 00 -
-- BS1445.L3
-- F56 1997
082 00 - DEWEY DECIMAL CLASSIFICATION NUMBER
Classification number 223.206
Edition information 21
Item number FLO
100 1# - MAIN ENTRY--PERSONAL NAME
Personal name Fløysvik, Ingvar,
Dates associated with a name 1959-
9 (RLIN) 7558
245 10 - TITLE STATEMENT
Title When God becomes my enemy :
Remainder of title the theology of the complaint psalms /
Statement of responsibility, etc. by Ingvar Fløysvik.
260 ## - PUBLICATION, DISTRIBUTION, ETC.
Place of publication, distribution, etc. St. Louis, Mo. :
Name of publisher, distributor, etc. Concordia Academic Press,
Date of publication, distribution, etc. c1997.
300 ## - PHYSICAL DESCRIPTION
Extent 206 p. ;
Dimensions 23 cm.
504 ## - BIBLIOGRAPHY, ETC. NOTE
Bibliography, etc. note Includes bibliographical references (p. [177]-187) and indexes
630 00 - SUBJECT ADDED ENTRY--UNIFORM TITLE
Uniform title Bible.
Name of part/section of a work Psalms
General subdivision Criticism, interpretation, etc..
9 (RLIN) 2721
650 #0 - SUBJECT ADDED ENTRY--TOPICAL TERM
Topical term or geographic name entry element Laments in the Bible.
9 (RLIN) 7559
906 ## - LOCAL DATA ELEMENT F, LDF (RLIN)
a 7
b cbc
c orignew
d 1
e ocip
f 19
g y-gencatlg
942 ## - ADDED ENTRY ELEMENTS (KOHA)
Source of classification or shelving scheme Dewey Decimal Classification
Koha item type Books
Koha issues (borrowed), all copies 6
Holdings
Withdrawn status Lost status Source of classification or shelving scheme Damaged status Not for loan Home library Current Library Shelving location Date acquired Total checkouts Full call number Barcode Date last seen Date last checked out Copy number Price effective from Koha item type
    Dewey Decimal Classification     GRACE BIBLE COLLEGE GRACE BIBLE COLLEGE Biblical Studies 2017-12-06 6 223.206 FLO 006682 2025-05-01 2023-08-25 c.1 2017-12-06 Books
© Grace Bible College Library 2025